000
00308nam a2200097Ia 4500
008
160908s9999 xx 000 0 und d
245
_a
Course Syllabus (AB Multimedia Arts ) : 1st Semester (2016-2017) vol. 2 /
260
_b
SISC.
_c
2017
500
_a
AB Multimedia Syllabi.
650
_a
AB Multimedia - Syllabi.
999
_c
300997
_d
300997